=LDR 00000nam 2200000 4500 =001 INLIS000000000042150 =005 20131008014934 =008 ************************************* =035 ##$$0010-101300000000072 =082 ##$$a 649.1 =090 ##$$a 649.1, Sya n =100 ##$$a Syakir, Syeikh Muhammad =245 ##$$a Nasihat-nasihat bijak orangtua kepada anak, membuka pintu agama dengan nasihat bijak, Syeikh Muhammad Syakir =260 ##$$a 2005 $b Yogyakarta =300 ##$$a iv,88 hlm., 19 cm =650 ##$$a Anak =850 ##$$a NBPNMAT